000 00984cam a2200313 a 4500
001 462041
003 ARRUPE
005 20150109112102.0
008 830916t19841974nyu 001 0aeng
010 _a 83019828
020 _a0394722450 (pbk.)
040 _aDLC
_cDLC
_dDLC
043 _an-us-al
050 0 0 _aHD1478.U6
_bS5 1984
082 0 0 _a976.1/06/092
_aB
_221
100 1 _aShaw, Nate.
_913619
245 1 0 _aAll God's dangers :
_bthe life of Nate Shaw /
_c[compiled by] Theodore Rosengarten.
250 _a1st Vintage Books ed.
260 _aNew York :
_bVintage Books,
_c1984, c1974.
300 _axxv, 575 p. ;
_c20 cm.
500 _aIncludes index.
600 1 0 _aShaw, Nate.
_913620
650 0 _aSharecropping
_xHistory.
_913621
650 0 _aAfrican Americans
_zAlabama
_vBiography.
_913622
651 0 _aAlabama
_vBiography.
_913623
700 1 _aRosengarten, Theodore.
_913624
906 _a7
_bcbc
_corignew
_d1
_eocip
_f19
_gy-gencatlg
942 _2lcc
_cMONOGRAPH
999 _c121557
_d121557